MARC details
| 000 -LEADER |
| fixed length control field |
01964cam a22003735i 4500 |
| 003 - CONTROL NUMBER IDENTIFIER |
| control field |
EG-ScBUE |
| 005 - DATE AND TIME OF LATEST TRANSACTION |
| control field |
20191223115405.0 |
| 008 - FIXED-LENGTH DATA ELEMENTS--GENERAL INFORMATION |
| fixed length control field |
150817r20152008enka f 000 0 eng d |
| 020 ## - INTERNATIONAL STANDARD BOOK NUMBER |
| International Standard Book Number |
9780194705271 (student's book and online skills practice pack) |
| 040 ## - CATALOGING SOURCE |
| Original cataloging agency |
EG-ScBUE |
| Language of cataloging |
eng |
| Description conventions |
rda |
| Transcribing agency |
EG-ScBUE |
| Modifying agency |
EG-ScBUE |
| 082 04 - DEWEY DECIMAL CLASSIFICATION NUMBER |
| Classification number |
428.24076 |
| Item number |
HAI |
| Edition number |
22 |
| 100 1# - MAIN ENTRY--PERSONAL NAME |
| Personal name |
Haines, Simon F. E. |
| Relator term |
author. |
| 9 (RLIN) |
16122 |
| 245 10 - TITLE STATEMENT |
| Title |
IELTS masterclass. |
| Name of part/section of a work |
Student's book / |
| Statement of responsibility, etc |
Simon Haines, Peter May. |
| 264 #1 - PUBLICATION, DISTRIBUTION, ETC. (IMPRINT) |
| Place of publication, distribution, etc |
Oxford : |
| Name of publisher, distributor, etc |
Oxford University Press, |
| Date of publication, distribution, etc |
2015. |
| 300 ## - PHYSICAL DESCRIPTION |
| Extent |
xvi, 191 pages : |
| Other physical details |
illustrations (color) ; |
| Dimensions |
28 cm |
| 336 ## - CONTENT TYPE |
| Content type term |
text |
| Content type code |
txt |
| Source |
rdacontent |
| 337 ## - MEDIA TYPE |
| Media type term |
unmediated |
| Media type code |
n |
| Source |
rdamedia |
| 338 ## - CARRIER TYPE |
| Carrier type term |
volume |
| Carrier type code |
nc |
| Source |
rdacarrier |
| 500 ## - GENERAL NOTE |
| General note |
"First published in 2008"-- Page 4 of cover. |
| 520 ## - SUMMARY, ETC. |
| Summary, etc |
Get your students thinking and talking, with focused activities to stretch their academic skills and language strategies. Includes an online IELTS practice test. |
| 520 ## - SUMMARY, ETC. |
| Summary, etc |
A preparation course for students who require IELTS for academic or professional purposes. |
| 538 ## - SYSTEM DETAILS NOTE |
| System details note |
IELTS online skills practice |
| Display text |
See the card at the back of this book for access information : |
| Uniform Resource Identifier |
<a href="https://www.oxfordenglishtesting.com/DefaultMR.aspx?id=3034&menuId=1">https://www.oxfordenglishtesting.com/DefaultMR.aspx?id=3034&menuId=1</a> |
| 650 #7 - SUBJECT ADDED ENTRY--TOPICAL TERM |
| Topical term or geographic name as entry element |
International English Language Testing System |
| Form subdivision |
Study guides. |
| Source of heading or term |
BUEsh |
| 9 (RLIN) |
36012 |
| 650 #7 - SUBJECT ADDED ENTRY--TOPICAL TERM |
| Topical term or geographic name as entry element |
English language |
| Form subdivision |
Examinations, questions, etc. |
| Source of heading or term |
BUEsh |
| 650 #7 - SUBJECT ADDED ENTRY--TOPICAL TERM |
| Topical term or geographic name as entry element |
English language |
| Form subdivision |
Textbooks for foreign speakers. |
| Source of heading or term |
BUEsh |
| 650 #7 - SUBJECT ADDED ENTRY--TOPICAL TERM |
| Topical term or geographic name as entry element |
English language |
| Form subdivision |
Sound recordings for foreign speakers. |
| Source of heading or term |
BUEsh |
| 9 (RLIN) |
36029 |
| 650 #7 - SUBJECT ADDED ENTRY--TOPICAL TERM |
| Topical term or geographic name as entry element |
English language |
| General subdivision |
Study and teaching as a second language. |
| Source of heading or term |
BUEsh |
| 650 #7 - SUBJECT ADDED ENTRY--TOPICAL TERM |
| Topical term or geographic name as entry element |
English language |
| General subdivision |
Study and teaching |
| -- |
Foreign speakers. |
| Source of heading or term |
BUEsh |
| 651 ## - SUBJECT ADDED ENTRY--GEOGRAPHIC NAME |
| Source of heading or term |
BUEsh |
| 653 ## - INDEX TERM--UNCONTROLLED |
| Resource For college |
Humanities: English |
| Arrived date list |
August2015 |
| -- |
July2019 |
| 700 1# - ADDED ENTRY--PERSONAL NAME |
| Personal name |
May, Peter, |
| Relator term |
author. |
| 856 40 - ELECTRONIC LOCATION AND ACCESS |
| Materials specified |
Access to IELTS online skills practice |
| Uniform Resource Identifier |
<a href="https://www.oxfordenglishtesting.com/DefaultMR.aspx?id=3034&menuId=1">https://www.oxfordenglishtesting.com/DefaultMR.aspx?id=3034&menuId=1</a> |
| 942 ## - ADDED ENTRY ELEMENTS (KOHA) |
| Source of classification or shelving scheme |
Dewey Decimal Classification |
| Koha item type |
Book - Borrowing |